| 000 | 00528nam a22001577a 4500 | ||
|---|---|---|---|
| 003 | NUST | ||
| 005 | 20230125100222.0 | ||
| 008 | 230125b ||||| |||| 00| 0 eng d | ||
| 082 | _a378.1664,SAT | ||
| 245 | _aKaplan SAT Subject Test Chemistry 2015-2016 / | ||
| 250 | _a2nd ed | ||
| 260 |
_aNew York _bKaplan _c2015 |
||
| 300 | _axi, 374p. | ||
| 505 | _aPart I: The Basic (Page-3), Part II: Diagnostic Test (Page-22), Part III: Chemistry Review (Page-51), Part IV: Practice Tests (Page-280). | ||
| 942 |
_2ddc _cBK _k378.1664,SAT |
||
| 999 |
_c592987 _d592987 |
||